Взаимодействие учреждений культуры и образования в музыкальном развитии детей сборник статей и материалов iii всерос. науч.-практ. конф., посвящ. 115-летию со дня рождения дмитрия борисовича кабалевского (1-2 марта 2019 года)
Сборник отражает актуальные проблемы в области современного массового музыкального воспитания и образования. Центральное место принадлежит идеям консолидированного взаимодействия между различными учреждениями, решающими важную социально значимую задачу. Издание приурочено к 115-летию со дня рождения...
Guardat en:
| Format: | Книга |
|---|---|
| Idioma: | Russian |
| Publicat: |
Новосибирск
НГК им. Глинки
2019
|
| Accés en línia: | https://e.lanbook.com/book/155021 https://e.lanbook.com/img/cover/book/155021.jpg |
| Etiquetes: |
Afegir etiqueta
Sense etiquetes, Sigues el primer a etiquetar aquest registre!
|
| LEADER | 02190nam0a2200253 i 4500 | ||
|---|---|---|---|
| 001 | 155021 | ||
| 003 | RuSpLAN | ||
| 005 | 20221220174106.0 | ||
| 008 | 221220s2019 ru gs 000 0 rus | ||
| 020 | |a 978-5-9294-0116-9 | ||
| 040 | |a RuSpLAN | ||
| 041 | 0 | |a rus | |
| 044 | |a ru | ||
| 080 | |a 78.01 | ||
| 084 | |a 85.31 |2 rubbk | ||
| 245 | 0 | 0 | |a Взаимодействие учреждений культуры и образования в музыкальном развитии детей |b сборник статей и материалов iii всерос. науч.-практ. конф., посвящ. 115-летию со дня рождения дмитрия борисовича кабалевского (1-2 марта 2019 года) |
| 260 | |a Новосибирск |b НГК им. Глинки |c 2019 | ||
| 300 | |a 176 с. | ||
| 504 | |a Библиогр.: доступна в карточке книги, на сайте ЭБС Лань | ||
| 520 | 8 | |a Сборник отражает актуальные проблемы в области современного массового музыкального воспитания и образования. Центральное место принадлежит идеям консолидированного взаимодействия между различными учреждениями, решающими важную социально значимую задачу. Издание приурочено к 115-летию со дня рождения Д. Б. Кабалевского. Адресовано музыкантам-педагогам всех звеньев образования, студентам высших и средних учебных заведений, научным сотрудникам, управленческим структурам и широкому кругу педагогической общественности. | |
| 521 | 8 | |a Книга из коллекции НГК им. Глинки - Музыка и театр | |
| 856 | 4 | |u https://e.lanbook.com/book/155021 | |
| 856 | 4 | 8 | |u https://e.lanbook.com/img/cover/book/155021.jpg |
| 953 | |a https://e.lanbook.com/img/cover/book/155021.jpg | ||